000
00331nam a2200145Ia 4500
008
230718s9999 xx 000 0 und d
041
_a
Eng.
082
_a
89.43
_b
ANS-A
100
_a
Ansari Dr. Furqan
245
0
_a
Athaa Qalam
260
_a
Pakistan
_b
Islamabad Publisher
_c
2006
300
_a
380
650
_a
Law
999
_c
31548
_d
31548